000 00917nam a2200277Ia 4500
001 Para_480
003 CHAP
008 220125s2000 xx 000 0 und d
010 _a199235
040 _cCHAP
090 _aPA TESIS 1485
100 _aMejía Medina, Luis Manuel
_974232
245 _aLa importancia cuarentenaria de la mosca del mediterráneo (Ceratitis capitata) para México /
_c por Luis Manuel Mejía Medina
260 _aChapingo, Méx. :
_b el autor
300 _a76 h.
502 _aTesis (Ing. Agr. Esp. en Parasitología Agrícola) -- UACh. Departamento Parasitología Agrícola
650 _aMosca del mediterráneo
_978991
710 _aUACh. Departamento Parasitología Agrícola
_9164025
901 _aPA TESIS 1485
902 _aA
905 _a0000002000 nab 0000000000 00
910 _a2000
942 _cPARA
942 _cPARA
_d1
999 _c199235
_d199235